[Event "New Zealand Open Ch'p 2015"]
[Site "Devonport, Auckland"]
[Date "2015.01.01"]
[Round "1.54"]
[White "Zhang, Leo"]
[Black "Lee, Amy"]
[Result "1-0"]
[WhiteElo "1908"]
[BlackElo "644"]
[PlyCount "59"]
[EventDate "2015.01.01"]
[EventType "swiss"]
[EventRounds "9"]
[SourceDate "2015.01.01"]

1. d4 d5 2. c4 e6 3. Nc3 Nf6 4. cxd5 exd5 5. Bg5 Be7 6. Qc2 O-O 7. e3 Nc6 8. a3
g6 9. Bd3 Be6 10. Nge2 a5 11. O-O Qd7 12. f4 Rae8 13. Bh6 Ng4 14. Bxf8 Kxf8 15.
Rf3 Bf6 16. h3 Nh6 17. Raf1 Ne7 18. g4 Qc8 19. g5 Bg7 20. gxh6 Bxh6 21. Kh2 Ng8
22. f5 Bd7 23. fxg6 Ke7 24. gxh7 Bg7 25. Rxf7+ Kd8 26. Rxg7 Ne7 27. Bg6 Rh8 28.
Nxd5 Nxd5 29. Rg8+ Rxg8 30. hxg8=Q+ 1-0

[Event "New Zealand Open Ch'p 2015"]
[Site "Devonport, Auckland"]
[Date "2015.01.01"]
[Round "1.55"]
[White "Mendoza, Darcy"]
[Black "Maris, Robert"]
[Result "0-1"]
[WhiteElo "612"]
[BlackElo "1895"]
[PlyCount "62"]
[EventDate "2015.01.01"]
[EventType "swiss"]
[EventRounds "9"]
[SourceDate "2015.01.01"]

1. e4 d5 2. exd5 Qxd5 3. Nc3 Qd6 4. d4 Nf6 5. Bc4 a6 6. Nge2 b5 7. Bf4 Qb6 8.
Nd5 Nxd5 9. Bxd5 Bb7 10. Bxb7 Qxb7 11. d5 c5 12. O-O Nd7 13. b3 g6 14. Qd2 Bg7
15. Rad1 O-O 16. c3 Nb6 17. d6 e5 18. Bh6 Rfe8 19. Rfe1 Rad8 20. Bxg7 Kxg7 21.
Ng3 h6 22. Nf1 Re6 23. Qe2 Qc6 24. Qe4 Qxe4 25. Rxe4 f5 26. Re2 Kf6 27. Red2
Rd7 28. Ne3 Kf7 29. f3 h5 30. g4 f4 31. Nd5 Rexd6 0-1

[Event "New Zealand Open Ch'p 2015"]
[Site "Devonport, Auckland"]
[Date "2015.01.02"]
[Round "2.2"]
[White "Maris, Robert"]
[Black "Rasmussen, Allan Stig"]
[Result "0-1"]
[WhiteElo "1895"]
[BlackElo "2526"]
[PlyCount "58"]
[EventDate "2015.01.01"]
[EventType "swiss"]
[EventRounds "9"]
[SourceDate "2015.01.01"]

1. d4 d5 2. Nf3 Nf6 3. e3 c5 4. b3 Nc6 5. Bb2 cxd4 6. exd4 Bf5 7. Bd3 Bxd3 8.
Qxd3 e6 9. a3 Be7 10. Nbd2 O-O 11. O-O Rc8 12. Rac1 Qa5 13. c4 dxc4 14. bxc4
Rfd8 15. Rfd1 Qa6 16. Nb3 b6 17. Qe3 h6 18. Rd2 Qa4 19. h3 Rc7 20. Rd3 Rb7 21.
d5 exd5 22. Bxf6 Bxf6 23. cxd5 Ne7 24. d6 Nf5 25. Qd2 Rbd7 26. Rd1 Rxd6 27.
Rxd6 Rxd6 28. Qc2 Rxd1+ 29. Qxd1 Qxa3 0-1

[Event "New Zealand Open Ch'p 2015"]
[Site "Devonport, Auckland"]
[Date "2015.01.02"]
[Round "2.4"]
[White "D`arcy, Michael"]
[Black "Bischoff, Klaus"]
[Result "0-1"]
[WhiteElo "1916"]
[BlackElo "2490"]
[PlyCount "82"]
[EventDate "2015.01.01"]
[EventType "swiss"]
[EventRounds "9"]
[SourceDate "2015.01.01"]

1. e4 c5 2. Nf3 Nc6 3. d4 cxd4 4. Nxd4 Qb6 5. Nb3 Nf6 6. Nc3 e6 7. Be3 Qc7 8.
a3 Be7 9. Be2 d6 10. O-O a6 11. f4 O-O 12. Bf3 Nd7 13. Qe1 b5 14. Qf2 Rb8 15.
Rad1 Nb6 16. Kh1 Na4 17. Bc1 Nxc3 18. bxc3 Rd8 19. Rd3 Bd7 20. Rfd1 Na7 21. Be3
Nc8 22. Qg3 Nb6 23. Bd4 g6 24. h4 Nc4 25. h5 e5 26. fxe5 Nxe5 27. hxg6 hxg6 28.
Bh5 Kg7 29. Rf1 Be6 30. Nc5 Bc4 31. Rdf3 Bh4 32. Qxh4 Rh8 33. Qf6+ Kg8 34. R1f2
Rxh5+ 35. Rh3 Rxh3+ 36. gxh3 Re8 37. Nxa6 Qc8 38. Kg2 Re6 39. Qh4 Qxa6 40. Qd8+
Kg7 41. Qc7 Re8 0-1

[Event "New Zealand Open Ch'p 2015"]
[Site "Devonport, Auckland"]
[Date "2015.01.02"]
[Round "2.5"]
[White "Sukandar, Irine Kharisma"]
[Black "Aldridge, Alan L"]
[Result "1-0"]
[WhiteElo "2392"]
[BlackElo "1890"]
[PlyCount "57"]
[EventDate "2015.01.01"]
[EventType "swiss"]
[EventRounds "9"]
[SourceDate "2015.01.01"]

1. e4 c6 2. d4 d5 3. Nc3 dxe4 4. Nxe4 Bf5 5. Ng3 Bg6 6. Nh3 h6 7. Nf4 Bh7 8.
Bc4 Nf6 9. c3 b5 10. Bb3 e6 11. Nfh5 Nbd7 12. Qf3 Rc8 13. O-O Nd5 14. a4 a6 15.
axb5 axb5 16. Re1 N7f6 17. Ra7 Bg6 18. Nf4 Nxf4 19. Bxf4 Nd5 20. Be5 Rg8 21.
Bc2 Ra8 22. Rxa8 Qxa8 23. Bxg6 fxg6 24. Qg4 Kf7 25. Bb8 Be7 26. Qxe6+ Kf8 27.
Bd6 Qd8 28. Bxe7+ Nxe7 29. Re3 1-0

[Event "New Zealand Open Ch'p 2015"]
[Site "Devonport, Auckland"]
[Date "2015.01.02"]
[Round "2.6"]
[White "Louie, Ryan"]
[Black "Van Riemsdijk, Herman C"]
[Result "1/2-1/2"]
[WhiteElo "1927"]
[BlackElo "2356"]
[PlyCount "112"]
[EventDate "2015.01.01"]
[EventType "swiss"]
[EventRounds "9"]
[SourceDate "2015.01.01"]

1. d4 Nf6 2. c4 e6 3. Nf3 d5 4. g3 Be7 5. Bg2 O-O 6. O-O dxc4 7. Nc3 Nc6 8. e3
Rb8 9. Qe2 b5 10. Ne5 Nxe5 11. dxe5 Nd7 12. Rd1 Bb7 13. Bxb7 Rxb7 14. a4 c6 15.
Ne4 Qc7 16. f4 Nc5 17. Nd6 Rbb8 18. axb5 cxb5 19. Bd2 Nd3 20. Ra6 Qd7 21. Rda1
Ra8 22. b3 Nc5 23. bxc4 Nxa6 24. Rxa6 bxc4 25. Qxc4 Bxd6 26. exd6 Rfc8 27. Qd3
Rab8 28. e4 Rb2 29. Be3 g6 30. Rxa7 Qxa7 31. Bxa7 Rc1+ 32. Qf1 Rxf1+ 33. Kxf1
Kf8 34. e5 Rxh2 35. Bf2 Ke8 36. Kg1 Rh6 37. Kg2 Kd7 38. Bc5 Kc6 39. Bb4 Rh5 40.
Be1 f5 41. Bd2 h6 42. Be3 g5 43. Bd2 g4 44. Ba5 Kd7 45. Bb6 Rh3 46. Ba7 h5 47.
Bf2 Ke8 48. Be1 h4 49. gxh4 Rd3 50. Bg3 Kf7 51. Kf2 Rf3+ 52. Kg2 Kg6 53. Kh2
Rd3 54. Kg2 Rd2+ 55. Kf1 Kh5 56. Kg1 Kg6 1/2-1/2

[Event "New Zealand Open Ch'p 2015"]
[Site "Devonport, Auckland"]
[Date "2015.01.02"]
[Round "2.7"]
[White "Hague, Ben"]
[Black "Zhang, Leo"]
[Result "1-0"]
[WhiteElo "2317"]
[BlackElo "1908"]
[PlyCount "117"]
[EventDate "2015.01.01"]
[EventType "swiss"]
[EventRounds "9"]
[SourceDate "2015.01.01"]

1. e4 c5 2. Nf3 d6 3. d4 Nf6 4. Nc3 cxd4 5. Nxd4 a6 6. Bc4 e6 7. Bb3 Nbd7 8.
Bg5 h6 9. Bh4 Nc5 10. Qe2 Be7 11. O-O-O Nxb3+ 12. Nxb3 Qc7 13. f4 O-O 14. e5
Ne8 15. Bxe7 Qxe7 16. g4 b5 17. Rhg1 dxe5 18. Qxe5 Qf6 19. Qe3 Nc7 20. g5 hxg5
21. fxg5 Qg6 22. h4 Nd5 23. Nxd5 exd5 24. Rxd5 Be6 25. Rd6 Rfd8 26. Rgd1 Rxd6
27. Rxd6 Qf5 28. Rd2 Re8 29. Nd4 Qf1+ 30. Rd1 Qxd1+ 31. Kxd1 Bg4+ 32. Kd2 Rxe3
33. Kxe3 Kf8 34. Kf4 Bd7 35. Ke5 Ke7 36. Nf5+ Kf8 37. h5 g6 38. hxg6 fxg6 39.
Ne3 Ke7 40. Nd5+ Kf7 41. Kd6 Be6 42. a3 Bf5 43. c3 Be6 44. Nb4 a5 45. Nc6 Bf5
46. Nxa5 Bd3 47. Nc6 Bc2 48. Ne5+ Kg7 49. Ke7 Bb3 50. Nd7 Ba4 51. Nc5 Bc2 52.
Ne6+ Kh7 53. Nd4 Bd3 54. b3 Bf1 55. a4 bxa4 56. bxa4 Bc4 57. a5 Ba6 58. Ne6 Kg8
59. Nc7 1-0

[Event "New Zealand Open Ch'p 2015"]
[Site "Devonport, Auckland"]
[Date "2015.01.02"]
[Round "2.8"]
[White "Timergazi, Layla"]
[Black "Dive, Russell J"]
[Result "0-1"]
[WhiteElo "1932"]
[BlackElo "2315"]
[PlyCount "78"]
[EventDate "2015.01.01"]
[EventType "swiss"]
[EventRounds "9"]
[SourceDate "2015.01.01"]

1. e4 c6 2. d4 d5 3. f3 Nd7 4. c4 dxe4 5. fxe4 e5 6. Nf3 exd4 7. Qxd4 Ngf6 8.
Bd3 Bc5 9. Qc3 a5 10. Bd2 O-O 11. Qc2 Ng4 12. h3 Nde5 13. hxg4 Nxd3+ 14. Ke2
Nf2 15. Rh5 Bd4 16. Rxa5 Rxa5 17. Bxa5 Qxa5 18. Nxd4 Nxg4 19. Nd2 Qe5 20. N4f3
Qf4 21. Re1 c5 22. Nb3 Re8 23. Kd3 Rxe4 24. Rxe4 Bf5 25. Qd2 Bxe4+ 26. Ke2
Qxd2+ 27. Nfxd2 Bxg2 28. Nxc5 h5 29. Nf3 f6 30. Nxb7 h4 31. c5 h3 32. c6 Ne5
33. Nh2 Bxc6 34. Na5 Bd5 35. b3 g5 36. Kf2 f5 37. Kg3 Bg2 38. b4 f4+ 39. Kf2 g4
0-1

[Event "New Zealand Open Ch'p 2015"]
[Site "Devonport, Auckland"]
[Date "2015.01.02"]
[Round "2.9"]
[White "Ker, Anthony F"]
[Black "Power, P Wayne"]
[Result "1-0"]
[WhiteElo "2302"]
[BlackElo "1926"]
[PlyCount "73"]
[EventDate "2015.01.01"]
[EventType "swiss"]
[EventRounds "9"]
[SourceDate "2015.01.01"]

1. e4 c5 2. c3 Nf6 3. e5 Nd5 4. d4 cxd4 5. Nf3 e6 6. cxd4 Nc6 7. Bc4 d6 8. Qe2
dxe5 9. dxe5 Be7 10. O-O O-O 11. Rd1 Qa5 12. Bd2 Bb4 13. Qe4 f5 14. exf6 Nxf6
15. Bxe6+ Kh8 16. Qc4 Bxe6 17. Qxe6 Rae8 18. Qc4 Bxd2 19. Nbxd2 Ne5 20. Qc3
Qxc3 21. bxc3 Nxf3+ 22. Nxf3 Ne4 23. Rd7 Nxc3 24. Rxb7 a5 25. Kf1 Nd5 26. Rb5
Rf5 27. a4 g6 28. Rc1 Ref8 29. Rcc5 Nb4 30. Rxa5 Rxc5 31. Rxc5 Ra8 32. a5 Kg7
33. Ke2 Kf6 34. Kd2 Ke6 35. Kc3 Nd5+ 36. Kc4 Nf4 37. g3 1-0

[Event "New Zealand Open Ch'p 2015"]
[Site "Devonport, Auckland"]
[Date "2015.01.02"]
[Round "2.11"]
[White "Le Roy, Brice"]
[Black "Jackson, L Ross"]
[Result "1-0"]
[WhiteElo "2290"]
[BlackElo "1927"]
[PlyCount "99"]
[EventDate "2015.01.01"]
[EventType "swiss"]
[EventRounds "9"]
[SourceDate "2015.01.01"]

1. Nf3 d5 2. c4 c6 3. e3 Nf6 4. Nc3 e6 5. Qc2 Bd6 6. b3 Nbd7 7. Bb2 Qe7 8. Rg1
e5 9. cxd5 Nxd5 10. Ne4 Ba3 11. Bxa3 Qxa3 12. Bc4 Qe7 13. g4 Nb4 14. Qc3 a5 15.
Nfg5 Nd5 16. Qc2 h6 17. Nf3 N7b6 18. a3 O-O 19. g5 hxg5 20. Nexg5 f5 21. h4
Nxc4 22. Qxc4 Rf6 23. a4 e4 24. Nd4 Qb4 25. Rc1 Qxc4 26. Rxc4 Nb4 27. Kf1 b6
28. Kg2 Ba6 29. Rcc1 c5 30. Nde6 Bd3 31. Nf4 Bc2 32. Nd5 Nxd5 33. Rxc2 Nb4 34.
Rb2 Rd8 35. f3 Rfd6 36. fxe4 Rxd2+ 37. Rxd2 Rxd2+ 38. Kf3 fxe4+ 39. Kxe4 Rb2
40. Ne6 Rxb3 41. Rxg7+ Kh8 42. h5 Nc2 43. Rg3 Ra3 44. Nd8 Rxa4+ 45. Kf5 Ra1 46.
Nf7+ Kh7 47. h6 Rf1+ 48. Ke6 Rxf7 49. Kxf7 Kxh6 50. e4 1-0

[Event "New Zealand Open Ch'p 2015"]
[Site "Devonport, Auckland"]
[Date "2015.01.02"]
[Round "2.12"]
[White "Schmitz, Manuela"]
[Black "Garbett, Paul A"]
[Result "0-1"]
[WhiteElo "1966"]
[BlackElo "2264"]
[PlyCount "120"]
[EventDate "2015.01.01"]
[EventType "swiss"]
[EventRounds "9"]
[SourceDate "2015.01.01"]

1. d4 Nf6 2. Nf3 e6 3. c4 b6 4. e3 Bb7 5. Bd3 d5 6. O-O Bd6 7. b3 O-O 8. Nc3
Nbd7 9. Bb2 a6 10. Qe2 Ne4 11. Nd2 f5 12. f4 Qf6 13. Nf3 Qh6 14. cxd5 exd5 15.
Ne5 Nxe5 16. fxe5 Be7 17. Rf3 b5 18. Raf1 Qe6 19. Nb1 g6 20. Rc1 Qb6 21. Ba3 b4
22. Bb2 Rac8 23. Rff1 Bg5 24. Kh1 Bc6 25. Rc2 Bb5 26. Nd2 Bxd3 27. Qxd3 Qb5 28.
Qxb5 axb5 29. Re1 Nf2+ 30. Kg1 Nd3 31. Re2 c5 32. Nf3 Bh6 33. dxc5 Nxb2 34.
Rxb2 Rxc5 35. Kf2 Kf7 36. Nd4 Bg7 37. e6+ Ke7 38. Rbc2 Rfc8 39. Rxc5 Rxc5 40.
Kf3 Be5 41. g4 fxg4+ 42. Kxg4 Rc1 43. Kg5 Bg7 44. Kg4 Rg1+ 45. Kf4 Rf1+ 46. Kg5
Rg1+ 47. Kf4 Bf6 48. Nxb5 Rf1+ 49. Kg3 Kxe6 50. Nc7+ Kd6 51. Ne8+ Ke5 52. Nxf6
Rxf6 53. Rd2 Ke4 54. Rd4+ Kxe3 55. Rxd5 Rf3+ 56. Kg4 Rf2 57. h3 Rg2+ 58. Kh4
Rxa2 59. Rb5 Kf3 60. Rxb4 Ra5 0-1

[Event "New Zealand Open Ch'p 2015"]
[Site "Devonport, Auckland"]
[Date "2015.01.02"]
[Round "2.13"]
[White "Steadman, Michael VR"]
[Black "Li, William Xiang Wei"]
[Result "1/2-1/2"]
[WhiteElo "2257"]
[BlackElo "1935"]
[PlyCount "81"]
[EventDate "2015.01.01"]
[EventType "swiss"]
[EventRounds "9"]
[SourceDate "2015.01.01"]

1. d4 d5 2. c4 c6 3. Nf3 Nf6 4. Qb3 e6 5. g3 Nbd7 6. Bg2 Bd6 7. O-O O-O 8. Nc3
dxc4 9. Qxc4 e5 10. Rd1 Qe7 11. e4 Re8 12. h3 Nb6 13. Qe2 exd4 14. Nxd4 Bb4 15.
Nc2 Bc5 16. b3 Bf5 17. exf5 Qxe2 18. Nxe2 Rxe2 19. Ne3 Bxe3 20. fxe3 Nbd5 21.
Bf1 Rc2 22. Bd3 Rc5 23. Bd2 Nc3 24. Bxc3 Rxc3 25. Rd2 Nd5 26. Kf2 Nb4 27. Rad1
Re8 28. e4 Nxd3+ 29. Rxd3 Rxd3 30. Rxd3 Kf8 31. Kf3 f6 32. Kf4 Re5 33. g4 h6
34. h4 Ke7 35. g5 hxg5+ 36. hxg5 Rc5 37. g6 Re5 38. Rh3 Kd6 39. Rh8 c5 40. Rd8+
Kc6 41. Rc8+ 1/2-1/2

[Event "New Zealand Open Ch'p 2015"]
[Site "Devonport, Auckland"]
[Date "2015.01.02"]
[Round "2.14"]
[White "Rains, Edward"]
[Black "Croad, Nicholas"]
[Result "0-1"]
[WhiteElo "1973"]
[BlackElo "2254"]
[PlyCount "89"]
[EventDate "2015.01.01"]
[EventType "swiss"]
[EventRounds "9"]
[SourceDate "2015.01.01"]

1. e4 c5 2. Nc3 Nc6 3. f4 g6 4. Nf3 Bg7 5. Bb5 Nd4 6. O-O a6 7. Bc4 e6 8. a4
Ne7 9. d3 d5 10. Ba2 O-O 11. e5 Nec6 12. Nxd4 Nxd4 13. Ne2 Nxe2+ 14. Qxe2 b5
15. c3 bxa4 16. Bb1 d4 17. Bc2 Qb6 18. Bxa4 Rd8 19. Bd2 Rb8 20. Rfb1 dxc3 21.
bxc3 Qxb1+ 22. Rxb1 Rxb1+ 23. Kf2 Bb7 24. Be3 Bf8 25. Qc2 Rh1 26. Kg3 Ra1 27.
Bb3 Bd5 28. Qb2 Re1 29. Bf2 Bxb3 30. Bxe1 Rxd3+ 31. Kf2 c4 32. Bd2 a5 33. Bc1
a4 34. Qa1 Bc5+ 35. Ke2 Rd1 36. Qb1 a3 37. h4 Rg1 38. Kf3 a2 39. Qb2 Rf1+ 40.
Kg3 h5 41. Kh3 Be3 42. Qa3 Rxc1 43. Qa8+ Kh7 44. Qf8 Rh1+ 45. Kg3 0-1

[Event "New Zealand Open Ch'p 2015"]
[Site "Devonport, Auckland"]
[Date "2015.01.02"]
[Round "2.15"]
[White "Reilly, Tim"]
[Black "Hair, Philip I"]
[Result "1/2-1/2"]
[WhiteElo "2238"]
[BlackElo "1941"]
[PlyCount "87"]
[EventDate "2015.01.01"]
[EventType "swiss"]
[EventRounds "9"]
[SourceDate "2015.01.01"]

1. d4 e6 2. c4 f5 3. Nc3 Nf6 4. e3 d6 5. Nf3 g6 6. Bd3 Bg7 7. b4 O-O 8. Bb2
Nbd7 9. Ng5 Qe7 10. Qb3 h6 11. Nh3 c6 12. Nf4 Qf7 13. d5 Ne5 14. Be2 g5 15.
Nxe6 Bxe6 16. dxe6 Qxe6 17. O-O a5 18. Rad1 axb4 19. Qxb4 Rfd8 20. Rd2 Rab8 21.
Rfd1 Nf7 22. Bf1 Ne4 23. Nxe4 Qxe4 24. Bxg7 Kxg7 25. Bd3 Qe5 26. Qb1 f4 27.
exf4 Qxf4 28. Bf5 b5 29. Rd4 bxc4 30. Qc2 Qe5 31. Rxc4 Rb2 32. Qd3 Rxa2 33.
Rxc6 Ra1 34. Rcc1 Rxc1 35. Rxc1 Qb2 36. Rb1 Qe5 37. g3 Qf6 38. Rb7 Kf8 39. Qd5
Re8 40. Bh7 Re1+ 41. Kg2 Re2 42. Qf5 Qxf5 43. Bxf5 Re7 44. Rb8+ 1/2-1/2

[Event "New Zealand Open Ch'p 2015"]
[Site "Devonport, Auckland"]
[Date "2015.01.02"]
[Round "2.16"]
[White "Gunawan, Boy Reinhard"]
[Black "Smith, Robert W"]
[Result "0-1"]
[WhiteElo "1980"]
[BlackElo "2233"]
[PlyCount "90"]
[EventDate "2015.01.01"]
[EventType "swiss"]
[EventRounds "9"]
[SourceDate "2015.01.01"]

1. d4 Nf6 2. c4 c5 3. e3 g6 4. Nc3 Bg7 5. Nf3 O-O 6. g3 d6 7. Bg2 Nc6 8. O-O
Bg4 9. h3 Bxf3 10. Bxf3 Nd7 11. d5 Na5 12. Qa4 Bxc3 13. bxc3 b6 14. e4 Ne5 15.
Be2 Qe8 16. Qb5 Qxb5 17. cxb5 Nec4 18. a4 Rfe8 19. f4 e6 20. dxe6 fxe6 21. Ra2
d5 22. exd5 exd5 23. Bd3 Nd6 24. f5 gxf5 25. g4 Nac4 26. Raf2 Ne3 27. Bxe3 Rxe3
28. Bxf5 Rae8 29. Rf3 Nxf5 30. Rxf5 Rxc3 31. Rg5+ Kh8 32. Rf7 Rxh3 33. Kg2 Rh6
34. Rxd5 Rg6 35. Rdd7 Rxg4+ 36. Kf3 h5 37. Rh7+ Kg8 38. Rxh5 Rg7 39. Rd6 Rf7+
40. Kg3 Re4 41. Rg5+ Kf8 42. Rg4 Rxg4+ 43. Kxg4 Rc7 44. Rd3 c4 45. Rc3 Ke7 0-1

[Event "New Zealand Open Ch'p 2015"]
[Site "Devonport, Auckland"]
[Date "2015.01.02"]
[Round "2.17"]
[White "Drummond, Matthew"]
[Black "Milligan, Helen"]
[Result "1/2-1/2"]
[WhiteElo "2231"]
[BlackElo "1968"]
[PlyCount "67"]
[EventDate "2015.01.01"]
[EventType "swiss"]
[EventRounds "9"]
[SourceDate "2015.01.01"]

1. d4 Nf6 2. c4 g6 3. Nc3 Bg7 4. e4 d6 5. f3 O-O 6. Bg5 c5 7. d5 e6 8. Qd2 exd5
9. cxd5 a6 10. a4 Qa5 11. Nd1 Qxd2+ 12. Bxd2 b6 13. Ne2 Nbd7 14. Nec3 Ne8 15.
Be2 Rb8 16. O-O f5 17. exf5 gxf5 18. f4 Ndf6 19. Ne3 Nc7 20. Bd3 Nfe8 21. Ra2
b5 22. axb5 axb5 23. Rb1 c4 24. Be2 Bd4 25. Bf3 Nf6 26. Kh1 Re8 27. Ncd1 Bd7
28. g3 Ne4 29. Bc1 Re7 30. Kg2 Ne8 31. Rba1 N8f6 32. Ra8 Ree8 33. Rxb8 Rxb8 34.
h3 1/2-1/2

[Event "New Zealand Open Ch'p 2015"]
[Site "Devonport, Auckland"]
[Date "2015.01.02"]
[Round "2.18"]
[White "Lim, Benjamin U"]
[Black "McLaren, Leonard J"]
[Result "0-1"]
[WhiteElo "1996"]
[BlackElo "2210"]
[PlyCount "76"]
[EventDate "2015.01.01"]
[EventType "swiss"]
[EventRounds "9"]
[SourceDate "2015.01.01"]

1. e4 c5 2. Nf3 d6 3. d4 cxd4 4. Nxd4 Nf6 5. Nc3 e6 6. g4 h6 7. g5 hxg5 8. Bxg5
Nc6 9. h4 Be7 10. Qd2 a6 11. Be2 Qb6 12. O-O-O Nxd4 13. Qxd4 Qxd4 14. Rxd4 Bd7
15. h5 Bc6 16. Bf3 Nxe4 17. Nxe4 Bxe4 18. Bxe4 Bxg5+ 19. Kd1 d5 20. Bf3 Bf6 21.
Rb4 b5 22. Ke2 Rc8 23. c3 Rc4 24. Rxc4 bxc4 25. Kd2 Ke7 26. Kc2 Kd6 27. Be2 a5
28. b3 cxb3+ 29. axb3 Rc8 30. Rh3 e5 31. h6 gxh6 32. Rxh6 Ke7 33. c4 e4 34. Kd1
d4 35. Rh5 d3 36. Bg4 Rg8 37. f3 e3 38. Rxa5 e2+ 0-1

[Event "New Zealand Open Ch'p 2015"]
[Site "Devonport, Auckland"]
[Date "2015.01.02"]
[Round "2.19"]
[White "Zelesco, Karl"]
[Black "Zhu, Leo Lei"]
[Result "1-0"]
[WhiteElo "2210"]
[BlackElo "1978"]
[PlyCount "47"]
[EventDate "2015.01.01"]
[EventType "swiss"]
[EventRounds "9"]
[SourceDate "2015.01.01"]

1. e4 c5 2. Nf3 e6 3. c3 d5 4. exd5 Qxd5 5. d4 Nf6 6. Na3 Nc6 7. Be3 cxd4 8.
Nb5 Qd8 9. Nbxd4 Nxd4 10. Bxd4 Be7 11. Bd3 O-O 12. O-O b6 13. Qc2 h6 14. Rad1
Nd5 15. c4 Nb4 16. Bh7+ Kh8 17. Qe4 Qc7 18. Be5 Qb7 19. Qg4 Bf6 20. Be4 Nc6 21.
Bxf6 gxf6 22. Qf4 Kg7 23. Qg3+ Kh8 24. Qd6 1-0

[Event "New Zealand Open Ch'p 2015"]
[Site "Devonport, Auckland"]
[Date "2015.01.02"]
[Round "2.20"]
[White "Thornton, Giovanni A"]
[Black "Macdonald, Paul"]
[Result "1-0"]
[WhiteElo "2143"]
[BlackElo "1983"]
[PlyCount "117"]
[EventDate "2015.01.01"]
[EventType "swiss"]
[EventRounds "9"]
[SourceDate "2015.01.01"]

1. d4 d6 2. e4 Nf6 3. Nc3 g6 4. Be3 c6 5. Qd2 b5 6. f3 Nbd7 7. Bd3 Bb7 8. Nge2
a6 9. Nd1 Qc7 10. h4 h5 11. Nf2 Bg7 12. a4 e5 13. c3 Nb6 14. b3 bxa4 15. bxa4
Nbd7 16. a5 c5 17. O-O c4 18. Bc2 O-O 19. Bh6 Rfe8 20. d5 Nc5 21. Rfb1 Bc8 22.
Rb4 Nb7 23. Be3 Bd7 24. Bb6 Qc8 25. Ba4 Bxa4 26. Raxa4 Qd7 27. Rxc4 Rac8 28.
Nd3 Bf8 29. Qa2 Qe7 30. Rxc8 Rxc8 31. Rc4 Qe8 32. Nb4 Nc5 33. Bxc5 Qb5 34. Nc6
dxc5 35. Na7 Qb7 36. Nxc8 Qxc8 37. Ra4 Qb7 38. Qc2 Ne8 39. Ra1 Qb5 40. c4 Qb4
41. Qc3 Qxc3 42. Nxc3 Nd6 43. Na4 Nxc4 44. Nb6 Nd6 45. Nd7 Nb5 46. Nxf8 Kxf8
47. Rc1 Nd4 48. Rxc5 Nb3 49. Rc8+ Ke7 50. Rc7+ Ke8 51. d6 Nxa5 52. Re7+ Kd8 53.
Ra7 Nc4 54. Rxa6 Kd7 55. Ra7+ Ke6 56. d7 Ke7 57. d8=Q+ Kxd8 58. Rxf7 Ke8 59.
Rg7 1-0

[Event "New Zealand Open Ch'p 2015"]
[Site "Devonport, Auckland"]
[Date "2015.01.02"]
[Round "2.21"]
[White "Fuatai, Fuatai"]
[Black "Stojic, Dusan"]
[Result "0-1"]
[WhiteElo "2004"]
[BlackElo "2123"]
[PlyCount "78"]
[EventDate "2015.01.01"]
[EventType "swiss"]
[EventRounds "9"]
[SourceDate "2015.01.01"]

1. e4 c5 2. Nf3 d6 3. d4 cxd4 4. Nxd4 Nf6 5. Nc3 a6 6. Bc4 e6 7. O-O Qc7 8. Bb3
Be7 9. f4 Nbd7 10. f5 Nc5 11. fxe6 fxe6 12. Qe2 b5 13. Bg5 Bd7 14. a3 Nxb3 15.
Nxb3 O-O 16. Rad1 a5 17. Rd3 b4 18. axb4 axb4 19. Nd1 Bb5 20. Nd4 Bxd3 21. cxd3
Qd7 22. Ne3 h6 23. Bh4 Rae8 24. h3 Bd8 25. Nc4 Kh7 26. Ra1 d5 27. Ne5 Qd6 28.
Ndf3 Nd7 29. Nxd7 Qxd7 30. Ne5 Bb6+ 31. Kh1 Qd6 32. Qh5 dxe4 33. Qg6+ Kg8 34.
Ng4 Kh8 35. Bf6 Qd7 36. Qxh6+ Kg8 37. Qg5 exd3 38. Rd1 Bd8 39. Rxd3 Rxf6 0-1

[Event "New Zealand Open Ch'p 2015"]
[Site "Devonport, Auckland"]
[Date "2015.01.02"]
[Round "2.22"]
[White "Gao, Hans"]
[Black "Bennett, Hilton P"]
[Result "1-0"]
[WhiteElo "2116"]
[BlackElo "2009"]
[PlyCount "93"]
[EventDate "2015.01.01"]
[EventType "swiss"]
[EventRounds "9"]
[SourceDate "2015.01.01"]

1. e4 g6 2. d4 Bg7 3. Nc3 d6 4. f4 Nf6 5. Nf3 c5 6. dxc5 Qa5 7. Qd4 Nc6 8. Bb5
O-O 9. Qa4 Qxa4 10. Bxa4 dxc5 11. Be3 Nd7 12. e5 a6 13. Bxc6 bxc6 14. Ne4 Rb8
15. O-O-O Rb4 16. Nfd2 Bh6 17. c3 Ra4 18. a3 Nxe5 19. b3 Rxa3 20. Kb2 Ra5 21.
fxe5 Bxe3 22. Nc4 Rb5 23. Nxe3 c4 24. Nxc4 Be6 25. Ncd2 Rfb8 26. c4 Rxe5 27.
Rhe1 a5 28. Kc3 Rd8 29. Ng3 Rxe1 30. Rxe1 Kf8 31. Ra1 h5 32. Rxa5 h4 33. Nge4
h3 34. g3 Bg4 35. Ra6 e5 36. Rxc6 Be2 37. Nf2 Kg7 38. Rc5 f6 39. b4 Ra8 40. Ra5
Re8 41. Nxh3 Rh8 42. Ra7+ Kh6 43. b5 f5 44. b6 e4 45. b7 Rb8 46. Nf4 e3 47.
Nxe2 1-0

[Event "New Zealand Open Ch'p 2015"]
[Site "Devonport, Auckland"]
[Date "2015.01.02"]
[Round "2.23"]
[White "Ang, Alphaeus Wei Ern"]
[Black "Zulfic, Fedja"]
[Result "0-1"]
[WhiteElo "2009"]
[BlackElo "2114"]
[PlyCount "120"]
[EventDate "2015.01.01"]
[EventType "swiss"]
[EventRounds "9"]
[SourceDate "2015.01.01"]

1. d4 Nf6 2. c4 g6 3. Nc3 d5 4. cxd5 Nxd5 5. e4 Nxc3 6. bxc3 Bg7 7. Nf3 c5 8.
Be3 O-O 9. Qd2 cxd4 10. cxd4 Nc6 11. Rd1 Bg4 12. Be2 Rc8 13. O-O Qa5 14. Qxa5
Nxa5 15. d5 a6 16. Rc1 b5 17. Bb6 Bxf3 18. gxf3 Nc4 19. Bxc4 bxc4 20. Rc2 c3
21. Rb1 Rc4 22. Rb3 f5 23. Ba5 fxe4 24. fxe4 Rxe4 25. Rb6 Rc8 26. Rxa6 Ra4 27.
Ra7 Rb8 28. d6 exd6 29. Re2 Rg4+ 30. Kf1 Rb1+ 31. Re1 Rxe1+ 32. Kxe1 Rg1+ 33.
Ke2 c2 34. Ra8+ Kf7 35. Ra7+ Ke6 36. Bd2 Bc3 37. Rc7 c1=Q 38. Bxc1 Rxc1 39. Kd3
Bb2 40. Rxh7 Be5 41. a4 Rc3+ 42. Ke2 Ra3 43. Ra7 Ra2+ 44. Ke3 Rxf2 45. a5 Rxh2
46. a6 Kd5 47. Ra8 Rh8 48. Rxh8 Bxh8 49. Kf4 Kc6 50. Kg5 d5 51. Kxg6 d4 52. Kf7
d3 53. Ke8 Kb6 54. Kd8 d2 55. Kc8 d1=Q 56. a7 Qc2+ 57. Kd8 Qc7+ 58. Ke8 Kxa7
59. Kf8 Bf6 60. Kg8 Qg7# 0-1

[Event "New Zealand Open Ch'p 2015"]
[Site "Devonport, Auckland"]
[Date "2015.01.02"]
[Round "2.24"]
[White "Dowden, R Anthony"]
[Black "Krstev, Antonio"]
[Result "1/2-1/2"]
[WhiteElo "2108"]
[BlackElo "2012"]
[PlyCount "122"]
[EventDate "2015.01.01"]
[EventType "swiss"]
[EventRounds "9"]
[SourceDate "2015.01.01"]

1. Nf3 Nf6 2. c4 c6 3. b3 d5 4. Bb2 g6 5. g3 Bg7 6. Bg2 Qb6 7. c5 Qxc5 8. O-O
Qb6 9. Nc3 O-O 10. Rc1 Nbd7 11. Na4 Qa5 12. a3 Ne4 13. Bxg7 Kxg7 14. d3 Nd6 15.
Qc2 e5 16. b4 Qd8 17. Nc5 Re8 18. Qb2 f6 19. Nb3 Nf8 20. h3 Be6 21. Nc5 Nd7 22.
Nxe6+ Rxe6 23. h4 Re8 24. a4 a5 25. Nd2 axb4 26. Qxb4 Qe7 27. e3 Ra7 28. Ra1
Rea8 29. Nb3 Nc8 30. Qxe7+ Nxe7 31. a5 Kf7 32. Rfc1 Ke6 33. Bh3+ Kd6 34. Bxd7
Kxd7 35. d4 Nc8 36. Kg2 Nd6 37. h5 g5 38. Rab1 Ke7 39. Nc5 g4 40. Rb6 Rc8 41.
Rcb1 Rc7 42. a6 bxa6 43. Nxa6 Rcb7 44. Nb8 Rxb8 45. Rxb8 exd4 46. exd4 Nf5 47.
Rg8 Ra2 48. Re1+ Kf7 49. Rxg4 Rd2 50. Rf4 Nxd4 51. Ra1 Nb5 52. Rc1 Nd4 53. Ra1
Nb5 54. Ra6 Rc2 55. Rb6 d4 56. Re4 f5 57. Rb7+ Kf6 58. Ree7 Nd6 59. Rbd7 Ne4
60. Rf7+ Ke6 61. Rfe7+ Kf6 1/2-1/2